Statistics for U.S. States With the Highest Percentage of French Speakers

Click here to take the quiz!

General Stats

  • This quiz has been taken 41 times
  • The average score is 7 of 10

Answer Stats

% of French SpeakersState% Correct
16.2%Louisiana
89%
24.5%New Hampshire
89%
23.9%Vermont
89%
25.0%Maine
86%
9.9%Connecticut
78%
12.9%Massachusetts
78%
6.8%Michigan
73%
17.2%Rhode Island
65%
5.3%Minnesota
51%
5.3%Montana
27%

Score Distribution

Percentile by Number Answered

Percent of People with Each Score

Your Score History

You have not taken this quiz